000 00711nam a2200289Ia 4500
005 20260324150658.0
008 008 260324s9999 xx 000 0 eng d
020 _a9781315006567
037 _aEBOOK
040 _aCRL
040 _beng
040 _cCRL
041 _2eng
041 _aeng
084 _qCRL
100 _aRudolf Schlesinger
_91206538
245 0 _aCentral European Democracy and its Background
245 0 _bEconomic and Political Group Organizations
260 _bTaylor and Francis
260 _c1953
365 _a
365 _b510
856 _uhttp://www.taylorfrancis.com/books/9781315006567
942 _cEBOOK
999 _c1837129
_d1837129